| 000 | 00348nam a2200145Ia 4500 | ||
|---|---|---|---|
| 008 | 230312s9999||||xx |||||||||||||| ||und|| | ||
| 082 |
_a612 _bKAS-P |
||
| 100 | _aKasture ,P.V. | ||
| 245 | 0 | _aPractical Pharmaceutics | |
| 260 |
_bNirali Prakashan _aIndia _c2008 |
||
| 300 | _a85 | ||
| 546 | _aEng. | ||
| 650 |
_aPharmacy _vPharmaceutics |
||
| 942 | _cBK | ||
| 999 |
_c4052 _d4052 |
||